Paul and the apocalyptic imagination / (Registro nro. 14608)

Detalles MARC
000 -LEADER
campo de control de longitud fija 03646cam a22005054i 4500
003 - IDENTIFICADOR DE NÚMERO DE CONTROL
campo de control PE-LiUPU
005 - FECHA Y HORA DE LA ÚLTIMA TRANSACCIÓN
campo de control 20250731172859.0
008 - DATOS DE LONGITUD FIJA--INFORMACIÓN GENERAL
campo de control de longitud fija 170105s2016 xxua rb 001 0 eng d
020 ## - NÚMERO INTERNACIONAL ESTÁNDAR DEL LIBRO
Número Internacional Estándar del Libro 1451482086
020 ## - NÚMERO INTERNACIONAL ESTÁNDAR DEL LIBRO
Número Internacional Estándar del Libro 9781451482089
035 ## - NÚMERO DE CONTROL DEL SISTEMA
Número de control de sistema (Sirsi) a165861
040 ## - FUENTE DE CATALOGACIÓN
Centro catalogador/agencia de origen PE-LiUPU
Lengua de catalogación spa
Centro/agencia transcriptor PE-LiUPU
Normas de descripción rda
049 ## - FONDOS LOCALES (OCLC)
Biblioteca depositaria PRUA
082 04 - NÚMERO DE LA CLASIFICACIÓN DECIMAL DEWEY
Número de clasificación 227.06
Cutter P2
Número de edición 23
245 ## - MENCIÓN DEL TÍTULO
Título Paul and the apocalyptic imagination /
Mención de responsabilidad, etc. Ben C. Blackwell, John K. Goodrich, and Jason Maston, editors.
264 #1 - PRODUCCIÓN, PUBLICACIÓN, DISTRIBUCIÓN, FABRICACIÓN Y COPYRIGHT
Producción, publicación, distribución, fabricación y copyright Minneapolis, MN :
Nombre del de productor, editor, distribuidor, fabricante Fortress Press,
Fecha de producción, publicación, distribución, fabricación o copyright [2016]
300 ## - DESCRIPCIÓN FÍSICA
Extensión xii 391 páginas :
Otras características físicas ilustraciones ;
Dimensiones 23 centimetros.
336 ## - TIPO DE CONTENIDO
Término de tipo de contenido text
Fuente rdacontent
337 ## - TIPO DE MEDIO
Nombre/término del tipo de medio unmediated
Fuente rdamedia
338 ## - TIPO DE SOPORTE
Nombre/término del tipo de soporte volume
Fuente rdacarrier
504 ## - NOTA DE BIBLIOGRAFÍA, ETC.
Nota de bibliografía, etc. Bibliografía :final de cada parte
504 ## - NOTA DE BIBLIOGRAFÍA, ETC.
Nota de bibliografía, etc. Índices: páginas 361-391.
505 0# - NOTA DE CONTENIDO CON FORMATO
Nota de contenido con formato Paul and the Apocalyptic Imagination: An Introduction / Ben C. Blackwell, John K. Goodrich, and Jason Maston -- "Then I Proceeded to Where Things Were Chaotic" (1 Enoch 21:1): Mapping the Apocalyptic Landscape / David A. Shaw -- Apocalyptic as God's Eschatological Activity in Paul's Theology / Martinus C. de Boer -- Apocalyptic Epistemology: The Sine Qua Non of Valid Pauline Interpretation / Douglas A. Campbell -- Apocalyptic as Theoria in the Letters of St. Paul: A New Perspective on Apocalyptic as Mother of Theology / Edith M. Humphrey -- Apocalyptic and the Sudden Fulfillment of Divine Promise / N. T. Wright -- Some Reflections on Apocalyptic Thought and Time in Literature from the Second Temple Period / Loren T. Stuckenbruck -- The Transcendence of Death and Heavenly Ascent in the Apocalyptic Paul and the Stoics / Joseph R. Dodson -- Second-Century Perspectives on the Apocalyptic Paul: Reading the Apocalypse of Paul and the Acts of Paul / Ben C. Blackwell -- Some Remarks on Apocalyptic in Modern Christian Theology / Philip G. Ziegler -- Righteousness Revealed: The Death of Christ as the Definition of the Righteousness of God in Romans 3:21-26 / Jonathan A. Linebaugh -- Thinking from Christ to Israel: Romans 9-11 in Apocalyptic Context / Beverly Roberts Gaventa -- Apocalyptic Allegiance and Disinvestment in the World: A Reading of 1 Corinthians 7:25-35 / John M. G. Barclay -- After Destroying Every Rule, Authority, and Power: Paul, Apocalyptic, and Politics in 1 Corinthians / John K. Goodrich -- Plight and Solution in Paul's Apocalyptic Perspective: A Study of 2 Corinthians 5:18-21 / Jason Maston -- The Apocalyptic New Covenant and the Shape of Life in the Spirit according to Galatians / Michael J. Gorman -- The Two Ages and Salvation History in Paul's Apocalyptic Imagination: A Comparison of 4 Ezra and Galatians / J. P. Davies.
526 ## - NOTA DE INFORMACIÓN SOBRE EL PROGRAMA DE ESTUDIO
Nombre del programa Segunda Especialidad En Profecías Bíblicas
526 ## - NOTA DE INFORMACIÓN SOBRE EL PROGRAMA DE ESTUDIO
Nombre del programa Segunda Especialidad En Nuevo Testamento
526 ## - NOTA DE INFORMACIÓN SOBRE EL PROGRAMA DE ESTUDIO
Nombre del programa Segunda Especialidad En Antiguo Testamento
526 ## - NOTA DE INFORMACIÓN SOBRE EL PROGRAMA DE ESTUDIO
Nombre del programa Segunda Especialidad En Estudios Adventistas
526 ## - NOTA DE INFORMACIÓN SOBRE EL PROGRAMA DE ESTUDIO
Nombre del programa Doctorado en teología
526 ## - NOTA DE INFORMACIÓN SOBRE EL PROGRAMA DE ESTUDIO
Nombre del programa Maestría en teología histórica
526 ## - NOTA DE INFORMACIÓN SOBRE EL PROGRAMA DE ESTUDIO
Nombre del programa Maestría en teología bíblica
526 ## - NOTA DE INFORMACIÓN SOBRE EL PROGRAMA DE ESTUDIO
Nombre del programa Maestría en teología
526 ## - NOTA DE INFORMACIÓN SOBRE EL PROGRAMA DE ESTUDIO
Nombre del programa Maestría en misionología
526 ## - NOTA DE INFORMACIÓN SOBRE EL PROGRAMA DE ESTUDIO
Nombre del programa Maestría en liderazgo eclesiástico
526 ## - NOTA DE INFORMACIÓN SOBRE EL PROGRAMA DE ESTUDIO
Nombre del programa Teología
596 ## -
-- 1
650 00 - PUNTO DE ACCESO ADICIONAL DE MATERIA--TÉRMINO DE MATERIA
Término de materia o nombre geográfico como elemento de entrada Escatología.
9 (RLIN) 5923
700 1# - ENTRADA AGREGADA--NOMBRE PERSONAL
Nombre de persona Goodrich, John,
Fechas asociadas al nombre 1981- ,
Término indicativo de función/relación editor.
700 1# - ENTRADA AGREGADA--NOMBRE PERSONAL
Nombre de persona Maston, Jason,
Fechas asociadas al nombre 1978- ,
Término indicativo de función/relación editor.
700 1# - ENTRADA AGREGADA--NOMBRE PERSONAL
Nombre de persona Blackwell, Ben C.,
Fechas asociadas al nombre 1974- ,
Término indicativo de función/relación editor.
910 ## - DATOS DE OPCIÓN DEL USUARIO (OCLC)
Datos de opción del usuario jck
-- jvq
-- jck
-- 20170105
942 ## - ELEMENTOS DE ENTRADA SECUNDARIOS (KOHA)
Fuente del sistema de clasificación o colocación Clasificación Decimal Dewey
Tipo de ítem Koha
949 ## - PROCESAMIENTO DE INFORMACIÓN LOCAL (OCLC)
a 227.06 P29
w DEWEY
c 1
i 75492
l CATALOGING
m BUL
p 00.00
r 0
s Y
t BOOK
u 2017-01-05
x TEOLOGIA
z POSGRADO TEOLOGÍA
0 COMPRA
o .CIRCNOTE. El documento es de alto precio.
-- .STAFF. Colección Teología
999 ## - NÚMEROS DE CONTROL DE SISTEMA (KOHA)
-- DEWEY
-- 75492
-- 2021-11-9
-- 5
-- CCODEBUL1
-- BUL
-- 29.00
-- 0
-- Y
-- BOOK
-- 2017-1-5
-- TEOLOGIA
-- P85
-- COMPRA
-- .STAFF. Colección Teología
980 ## - EQUIVALENCIA O REFERENCIA-CRUZADA-MENCIÓN DE SERIE--NOMBRE DE PERSONA/TÍTULO [LOCAL, CANADÁ]
ID del último usuario que modificó el registro 1
Nombre del último usuario que modificó el registro ALBERTO SANCHEZ Responsable de Automatización
Existencias
Visto por última vez Número de inventario Total de préstamos Signatura topográfica completa Código de barras Copia número Coste, precio de reemplazo Fecha de reemplazo Facultad Tipo de ítem Koha Nota pública Estado de pérdida Fuente del sistema de clasificación o colocación Restricciones de uso No para préstamo Colección Programa académico Biblioteca de origen Biblioteca actual Ubicación en estantería Fecha de adquisición Fuente de adquisición Coste, precio normal de compra
2025-12-03 6   227.06 P2 75492 e1 34.00 2017-01-05   Libros físicos inventario-2023-12-13 No Perdido Clasificación Decimal Dewey No restringido Disponible para préstamos Colección General Maestría en teología Biblioteca CRAI UPeU Lima Biblioteca CRAI UPeU Lima Sala principal 2017-01-05 COMPRA 29.00